00398 2200145 4500001002100000005001500021035002000036245008300056100002600139300001200165260004100177082000800218084001400226990001200240INLIS00000000000265020250821103013 a0010-08250000111 aBeberapa Teori Sastra, Metode Kritik dan Penerapannya /cRachmat Djoko Pradopo0 aRachmat Djoko Pradopo a273 hlm aYogyakarta :bPustaka Pelajar,c1995 a810 a810 RAC b a0715614